Music Quiz

Random Music or Song Quiz

Guess the Nightwish Lyrics 23 Quiz Stats

Quiz not verified by Sporcle

Challenge
Share
Tweet
Embed
Score 0/298 Timer 10:00
0 Plays Today
% Correct
the
97.2%
the
97.2%
the
97.2%
the
97.2%
the
97.2%
the
97.2%
A
97.2%
the
97.2%
I
97.2%
I
97.2%
the
97.2%
the
97.2%
and
97.2%
The
97.2%
and
97.2%
the
97.2%
the
97.2%
the
97.2%
I
97.2%
the
97.2%
The
97.2%
the
97.2%
I
97.2%
and
97.2%
the
97.2%
the
97.2%
the
97.2%
97.2%
the
97.2%
I
97.2%
the
97.2%
I
97.2%
the
97.2%
97.2%
97.2%
97.2%
me
88.3%
me
88.3%
me
88.3%
me
88.3%
on
88.3%
me
88.3%
on
88.3%
me
88.3%
me
88.3%
me
88.3%
me
88.3%
me
88.3%
me
88.3%
me
88.3%
me
88.3%
me
88.3%
me
88.3%
me
88.3%
me
88.3%
me
88.3%
me
88.3%
me
88.3%
me
88.3%
to
87.7%
My
87.7%
to
87.7%
My
87.7%
to
87.7%
my
87.7%
my
87.7%
my
87.7%
My
87.7%
to
87.7%
My
87.7%
to
87.7%
My
87.7%
My
87.7%
to
87.7%
My
87.7%
My
87.7%
to
87.7%
My
87.7%
to
87.7%
for
87.2%
you
87.2%
for
87.2%
you
87.2%
you
87.2%
you
87.2%
for
87.2%
you
87.2%
for
87.2%
for
87.2%
you
87.2%
You
87.2%
you
87.2%
for
87.2%
you
87.2%
you
87.2%
you
87.2%
you
87.2%
for
87.2%
you
87.2%
you
87.2%
% Correct
an
86%
of
85.5%
of
85.5%
of
85.5%
of
85.5%
of
85.5%
love
85.5%
of
85.5%
of
85.5%
of
85.5%
love
85.5%
love
85.5%
Of
85.5%
love
85.5%
love
85.5%
love
85.5%
in
84.9%
in
84.9%
in
84.9%
in
84.9%
in
84.9%
We
84.4%
be
83.8%
be
83.8%
be
83.8%
be
83.8%
be
83.8%
be
83.8%
be
83.8%
be
83.8%
be
83.8%
be
83.8%
be
83.8%
be
83.8%
be
83.8%
be
83.8%
be
83.8%
will
82.1%
will
82.1%
will
82.1%
will
82.1%
will
82.1%
will
82.1%
will
82.1%
will
82.1%
will
82.1%
will
82.1%
will
82.1%
will
82.1%
will
82.1%
one
81%
one
81%
one
81%
one
81%
from
80.4%
from
80.4%
forever
80.4%
forever
80.4%
swim
79.9%
used
79.3%
So
79.3%
fall
78.8%
fall
78.8%
fall
78.8%
child
78.8%
fall
78.8%
fall
78.8%
fall
78.8%
waters
78.2%
us
78.2%
day
77.7%
siren
77.7%
siren
77.7%
day
77.7%
day
77.7%
If
77.7%
If
77.7%
Oceans
77.1%
cut
76.5%
cut
76.5%
cut
76.5%
same
76%
Eve
76%
away
75.4%
name,
75.4%
Bring
75.4%
Kill
75.4%
Kill
75.4%
ever
75.4%
Bring
75.4%
Bring
75.4%
bleed
75.4%
bleed
75.4%
bleed
75.4%
into
74.9%
came
74.9%
sin
74.9%
into
74.9%
Into
74.9%
moonlight
74.3%
% Correct
Every
74.3%
Every
74.3%
without
74.3%
without
74.3%
Every
74.3%
Every
74.3%
deep
73.7%
him
73.2%
born
73.2%
again
73.2%
home
72.6%
home
72.6%
home
72.6%
wakeful
72.1%
longing
72.1%
Still
72.1%
night
72.1%
dark
72.1%
write
71.5%
carried
71.5%
sea
70.9%
before
70.9%
before
70.9%
blue
70.4%
blue
70.4%
songs
70.4%
that
70.4%
I'll
70.4%
way
70.4%
way
70.4%
That
70.4%
I'll
70.4%
blue
70.4%
memory
69.8%
memory
69.8%
dream
69.8%
have
69.8%
angel
69.8%
Sang
68.7%
about
68.7%
mine
68.7%
lost
68.7%
leave
68.2%
world
67.6%
Scent
67%
Brings
67%
First
67%
May
67%
may
67%
or
66.5%
heart
65.9%
Adam
65.9%
waking
64.8%
Take
64.8%
Take
64.8%
care
64.8%
when
64.8%
keep
64.2%
true
64.2%
behind
64.2%
Time
64.2%
there
63.7%
watching
63.1%
path
63.1%
say
63.1%
Forgive
63.1%
Beast
63.1%
shoulders
62.6%
everything
62.6%
lead
62%
sleep
62%
never
61.5%
them
61.5%
Show
61.5%
childhood
61.5%
adoring
60.9%
loves
60.9%
old
60.9%
Cure
60.3%
Cure
60.3%
our
60.3%
loss
59.8%
hold
59.8%
myself
59.2%
Like
58.1%
Singing
58.1%
Worth
57.5%
thee
57%
advent
55.3%
Redeem
54.7%
Relive
53.6%
were
53.1%
shell
52%
hangman's
47.5%
Just
47.5%
another
46.4%
noose
45.3%
loop
45.3%

You're not logged in!

Compare scores with friends on all Sporcle quizzes.
Sign Up with Email
OR
Log In

You Might Also Like...

Show Comments

Extras

Top Quizzes Today


Score Distribution

Your Account Isn't Verified!

In order to create a playlist on Sporcle, you need to verify the email address you used during registration. Go to your Sporcle Settings to finish the process.